Geography Quiz

Random Geography or State Quiz

Top Soybean Producing States Quiz Stats

 Plays Quiz Updated Jan 3, 2018

Challenge
Share
Tweet
Embed
Score 0/10 Timer 02:00
2 Plays Today
Number of bushels (by 1,000) State % Correct
557,200Iowa
91.2%
264,470Ohio
87.4%
599,720Illinois
87.2%
323,950Indiana
86.3%
327,700Nebraska
86.1%
219,760South Dakota
83.6%
289,100Missouri
81.3%
235,950North Dakota
81.1%
399,350Minnesota
78.8%
171,500Arkansas
68.2%

You're not logged in!

Compare scores with friends on all Sporcle quizzes.
OR
Log In

You Might Also Like...

Show Comments

Extras

Top Quizzes Today


Score Distribution

Your Account Isn't Verified!

In order to create a playlist on Sporcle, you need to verify the email address you used during registration. Go to your Sporcle Settings to finish the process.

Report this User

Report this user for behavior that violates our Community Guidelines.

Details: